[Event "15th ch-EUR Indiv 2014"]
[Site "Yerevan ARM"]
[Date "2014.03.08"]
[Round "6.2"]
[White "Sargissian,G"]
[Black "Jakovenko,D"]
[Result "1/2-1/2"]
[WhiteElo "2676"]
[BlackElo "2723"]

1.d4 d5 2.c4 c6 3.Nf3 Nf6 4.e3 Bg4 5.Qb3 Qb6 6.Nc3 e6 7.Nh4 Bh5 8.h3 Nbd7
9.g4 Bg6 10.Nxg6 hxg6 11.Bg2 g5 12.Bd2 Be7 13.O-O-O Qxb3 14.axb3 O-O-O 15.f3 Nf8
16.Bf1 Ng6 17.Bd3 Rh7 18.cxd5 Nxd5 19.Nxd5 Rxd5 20.Rde1 Rh8 21.Bxg6 fxg6
22.Kc2 c5 23.Bc3 cxd4 24.Bxd4 e5 25.Bc3 Bf6 26.Rd1 Rxd1 27.Kxd1 b6 28.Ke2 Rd8
29.Rg1 Rh8 30.Rh1 Rd8 31.Rd1 Rxd1 32.Kxd1 Kd7 33.Kc2 Kc6 34.Kd3 Kd5 35.Bb4 a5
36.Bc3 Kd6 37.b4 a4 38.Kc4 b5+ 39.Kd3 Kd5 40.Bd2 Be7 41.e4+ Ke6 42.Kc3 Kd6
43.b3 axb3 44.Kxb3 Kc6 45.Kc3 Kd6 46.Kd3 Ke6 47.Ke2 Kd6 48.Kf2 Ke6 49.Kg2 Bd8
50.Kh2 Be7 51.h4 gxh4 52.g5 Bd6 53.Kh3 Kd7 54.Kxh4 Ke6 55.Kg4 Kd7 56.Be1 Ke7
57.Bd2 Kd7  1/2-1/2

[Event "15th ch-EUR Indiv 2014"]
[Site "Yerevan ARM"]
[Date "2014.03.10"]
[Round "7.4"]
[White "Jakovenko,D"]
[Black "Najer,E"]
[Result "1/2-1/2"]
[WhiteElo "2723"]
[BlackElo "2633"]

1.d4 d5 2.c4 c6 3.Nc3 dxc4 4.e4 b5 5.a4 b4 6.Nb1 Ba6 7.Qc2 Nf6 8.Nd2 e6 9.Bxc4 Bxc4
10.Qxc4 c5 11.dxc5 Nbd7 12.Nb3 Rc8 13.Be3 Nxc5 14.Nxc5 Bxc5 15.Bxc5 Nd7 16.Rd1 Rxc5
17.Qd4 b3 18.Qxg7 Qf6 19.Qxf6 Nxf6 20.Ne2 Nxe4 21.Rd4 Nf6 22.Rb4 O-O 23.Nc3 Nd5
24.Rxb3 Rc4 25.O-O Nxc3 26.Rxc3 Rxa4 27.Rfc1 Rb8 28.Rc8+ Rxc8 29.Rxc8+ Kg7
30.Kf1 Rb4 31.Ra8 Rxb2 32.Rxa7 Rb1+ 33.Ke2 Rb2+ 34.Ke3 Rb3+ 35.Ke2 Rb2+ 36.Ke3 Rb3+
37.Ke2 Rb2+  1/2-1/2

[Event "15th ch-EUR Indiv 2014"]
[Site "Yerevan ARM"]
[Date "2014.03.11"]
[Round "8.4"]
[White "Melkumyan,H"]
[Black "Jakovenko,D"]
[Result "1/2-1/2"]
[WhiteElo "2613"]
[BlackElo "2723"]

1.d4 Nf6 2.c4 g6 3.Nc3 d5 4.Nf3 Bg7 5.cxd5 Nxd5 6.e4 Nxc3 7.bxc3 c5 8.Rb1 O-O
9.Be2 b6 10.O-O Bb7 11.Qd3 e6 12.Bg5 Qc7 13.Qe3 Nd7 14.Bf4 e5 15.Bg3 cxd4
16.cxd4 exd4 17.Nxd4 Qc5 18.Rfd1 Qe7 19.f3 Ne5 20.f4 Nc6 21.Nb5 Rad8 22.e5 Ba6
23.Nd6 Bxe2 24.Qxe2 Qe6 25.Rbc1 Ne7 26.Qc4 Qxc4 27.Rxc4 Nf5 28.Rc7 Rfe8 29.Rxa7 Bf8
30.Bf2 Nxd6 31.exd6 Bxd6 32.Kf1 Bc5 33.Rxd8 Rxd8 34.Bxc5 bxc5 35.Ke2 c4 36.Ra3 Rb8
37.Rc3 Rb2+ 38.Kf3 Rxa2 39.Rxc4 Kg7 40.Rc3 h5  1/2-1/2

[Event "15th ch-EUR Indiv 2014"]
[Site "Yerevan ARM"]
[Date "2014.03.12"]
[Round "9.9"]
[White "Jakovenko,D"]
[Black "Sjugirov,S"]
[Result "1/2-1/2"]
[WhiteElo "2723"]
[BlackElo "2653"]

1.d4 d5 2.c4 c6 3.cxd5 cxd5 4.Bf4 Nf6 5.Nc3 Nc6 6.e3 Bg4 7.Qb3 Na5 8.Qa4+ Bd7
9.Qc2 Rc8 10.Bd3 b5 11.a3 e6 12.Nf3 Nc4 13.O-O Be7 14.Ne5 O-O 15.Qe2 a6 16.Rfc1 Be8
17.a4 Qb6 18.Bg5 h6 19.Bh4 Kh8 20.axb5 axb5 21.Rc2 Qb7 22.b3 Nxe5 23.dxe5 Ng8
24.Bxe7 Nxe7 25.Rac1 Qb8 26.f4 b4 27.Nb1 Bd7 28.Nd2 Rxc2 29.Rxc2 Rc8 30.Rxc8+ Qxc8
31.Nf3 Qc5 32.Kf2 Nc6 33.Qc2 Qa7 34.h4 Kg8 35.Be2 d4 36.Qd3 dxe3+ 37.Qxe3 Qa5
38.Qd3 Qa7+ 39.Qe3 Qa5 40.Qd3 Qa7+  1/2-1/2

[Event "15th ch-EUR Indiv 2014"]
[Site "Yerevan ARM"]
[Date "2014.03.13"]
[Round "10.10"]
[White "Balogh,C"]
[Black "Jakovenko,D"]
[Result "1/2-1/2"]
[WhiteElo "2651"]
[BlackElo "2723"]

1.e4 c5 2.Nf3 e6 3.d4 cxd4 4.Nxd4 Nc6 5.Nc3 Qc7 6.Be2 a6 7.O-O Nf6 8.Be3 Be7
9.f4 d6 10.Qe1 O-O 11.Kh1 Nxd4 12.Bxd4 b5 13.Qg3 Bb7 14.a3 Rad8 15.Rae1 Rd7
16.Bd3 Re8 17.a4 b4 18.Na2 Qa5 19.b3 d5 20.Bxf6 Bxf6 21.e5 Bd8 22.f5 exf5
23.Bxf5 Rde7 24.Qh3 g6 25.Bd7 Rf8 26.e6 f5 27.Nc1 Qc7 28.Re2 Rg7 29.Nd3 Be7
30.Qe3 a5 31.Qd4 Qd6 32.Ne5 Bf6 33.Rfe1 Re7 34.Qf4 Bxe5 35.Rxe5 Bc8 36.Qd2 d4
37.Rxa5 Bxd7 38.exd7 Rxe1+ 39.Qxe1 Qxd7 40.Qxb4 Re8 41.h3 Qc7 42.Qc4+ Qxc4
43.bxc4 Re2 44.Rd5 Rxc2 45.Rxd4 Kf7 46.a5 Ke6 47.c5 Ra2 48.Rd6+ Ke5 49.a6 Ra5
50.Rd7 Rxa6 51.Rxh7  1/2-1/2

[Event "15th ch-EUR Indiv 2014"]
[Site "Yerevan ARM"]
[Date "2014.03.14"]
[Round "11.10"]
[White "Jakovenko,D"]
[Black "Kuzubov,Y"]
[Result "1-0"]
[WhiteElo "2723"]
[BlackElo "2642"]

1.d4 g6 2.c4 Bg7 3.Nc3 d6 4.e4 Nc6 5.d5 Nd4 6.Bd3 e5 7.dxe6 Nxe6 8.Nge2 Ne7
9.O-O O-O 10.b3 f5 11.exf5 Nxf5 12.Bb2 Nh4 13.Qd2 Nc5 14.Be4 c6 15.f3 Nf5
16.Bxf5 Bxf5 17.Ng3 Qh4 18.Nce2 Bxb2 19.Qxb2 Rae8 20.Nxf5 Rxf5 21.Ng3 Rf6
22.Rad1 a5 23.Qc3 b6 24.a3 Qf4 25.b4 Re3 26.Qc2 Ne6 27.Ne4 Rf8 28.bxa5 bxa5
29.Qd2 Rxa3 30.Qxd6 Qxd6 31.Rxd6 Nf4 32.g3 Ne2+ 33.Kg2 Nc3 34.Ng5 Ra2+ 35.Kh3 Re8
36.Rc1 Ne2 37.Rb1 Rc2 38.Rd7 Rxc4 39.Nxh7 Rb4 40.Nf6+ Kf8 41.Rxb4 axb4 42.Nxe8 Kxe8
43.Rd6  1-0

[Event "21st TCh-RUS 2014"]
[Site "Loo RUS"]
[Date "2014.04.07"]
[Round "1.3"]
[White "Goganov,A"]
[Black "Jakovenko,D"]
[Result "0-1"]
[WhiteElo "2587"]
[BlackElo "2726"]

1.d4 Nf6 2.c4 e6 3.Nf3 b6 4.g3 Ba6 5.b3 Bb4+ 6.Bd2 Be7 7.Nc3 O-O 8.Bg2 c6
9.e4 d5 10.exd5 cxd5 11.Ne5 Bb7 12.O-O Nc6 13.Bf4 Na5 14.Rc1 dxc4 15.Bxb7 Nxb7
16.bxc4 Na5 17.d5 Rc8 18.dxe6 fxe6 19.Nb5 Qxd1 20.Rfxd1 a6 21.Nd4 Rfe8 22.Bd2 Ba3
23.Rc2 Nb7 24.Rb1 Bc5 25.Nb3 Bd6 26.Nd3 Nd7 27.Be3 Rc7 28.Nd2 Nbc5 29.Bxc5 Bxc5
30.Nxc5 Rxc5 31.Ne4 Rc6 32.Rd1 Ne5 33.Rd6 Rec8 34.Rxc6 Rxc6 35.Nd2 Kf7 36.Rc3 Ke7
37.Ra3 a5 38.Rc3 Rd6 39.Nb3 a4 40.Nc1 Rc6 41.Ne2 Nxc4 42.Nd4 Rc5 43.Rc2 e5
44.Nf5+ Kf6 45.g4 g6 46.Ng3 Nd6 47.Rb2 b5 48.Kg2 Ke6 49.h3 Rc3 50.Re2 Rc4
51.Nf1 b4 52.Ne3 Rc3 53.f4 b3 54.axb3 axb3 55.fxe5 Nc4  0-1

[Event "21st TCh-RUS 2014"]
[Site "Loo RUS"]
[Date "2014.04.08"]
[Round "2.3"]
[White "Jakovenko,D"]
[Black "Jobava,Ba"]
[Result "0-1"]
[WhiteElo "2726"]
[BlackElo "2706"]

1.d4 Nf6 2.Nf3 d6 3.c4 Nbd7 4.Nc3 e5 5.e4 Be7 6.Be2 O-O 7.O-O c6 8.Re1 Qe8
9.Bf1 Bd8 10.h3 Qe7 11.Be3 Ba5 12.Nd2 Rd8 13.Qc2 Nf8 14.d5 h6 15.a3 Bb6 16.b4 Bxe3
17.Rxe3 Bd7 18.a4 a5 19.Rb1 axb4 20.Rxb4 Bc8 21.Rb1 c5 22.g3 N8h7 23.Kh2 h5
24.Nf3 g6 25.Ree1 Kg7 26.Qd2 Ng8 27.Nh4 Nh6 28.Ng2 Bxh3 29.Nh4 Bc8 30.Kg1 Rf8
31.Rb6 Qd8 32.Rb3 Ra6 33.Reb1 Qe7 34.Bg2 f5 35.exf5 Nxf5 36.Nxf5+ gxf5 37.f4 e4
38.Bh3 Nf6 39.Ra3 Rg8 40.Nd1 Kf8 41.Kf1 Qg7 42.Qf2 Ke8 43.Rbb3 Kd8 44.a5 Ng4
45.Bxg4 hxg4 46.Qb2 Qd4 47.Ne3 Kc7 48.Rc3 Rh8 49.Kg2 Qg7 50.Qa1 Qh6 51.Kf2 Qf6
52.Kg2 Qd4 53.Qb2 Rh3 54.Rc2 b6 55.Rd2 Qxb2 56.Rxb2 Rxa5 57.Rxa5 bxa5 58.Ra2 Kb6
59.Rb2+ Ka6 60.Rb8 Rh8 61.Kf1 Ka7 62.Rb5 Rh1+ 63.Ke2 Ra1 64.Kd2 Bd7 65.Rb3 Ra2+  0-1

[Event "21st TCh-RUS 2014"]
[Site "Loo RUS"]
[Date "2014.04.10"]
[Round "4.2"]
[White "Jakovenko,D"]
[Black "Svidler,P"]
[Result "1/2-1/2"]
[WhiteElo "2726"]
[BlackElo "2756"]

1.e4 c5 2.Nf3 e6 3.d4 cxd4 4.Nxd4 Nc6 5.Nc3 Qc7 6.g3 a6 7.Bg2 Nf6 8.O-O h5
9.h3 Bc5 10.Nxc6 bxc6 11.Na4 Ba7 12.Bf4 e5 13.Bg5 d6 14.Qd3 Nh7 15.Be3 Bxe3
16.Qxe3 h4 17.g4 Nf8 18.Rfd1 Be6 19.c4 c5 20.f4 exf4 21.Qxf4 Rd8 22.b3 Ng6
23.Qf2 O-O 24.Rd2 Bd7 25.Nc3 Bc6 26.Rad1 Rfe8 27.Rd3 Re6 28.Re3 Qe7 29.Rde1 Re8
30.Rf1 Ne5 31.Qd2 Nd7 32.Qe1 Ne5 33.Qd2 Rf6 34.Ree1 Rxf1+ 35.Rxf1 Qd8 36.Qe3 Re6
37.Rf2 Qe7 38.Qd2 Nd7 39.Qe3 Re5 40.Qd3 Re6 41.Qd2 Ne5 42.Qe3 Nd7 43.Qd2 Nf8
44.Qd3 Ng6 45.Qd2 Rf6 46.Rf5 Re6 47.Rf1 Ne5  1/2-1/2

[Event "21st TCh-RUS 2014"]
[Site "Loo RUS"]
[Date "2014.04.11"]
[Round "5.2"]
[White "Jakovenko,D"]
[Black "Karjakin,Sergey"]
[Result "1/2-1/2"]
[WhiteElo "2726"]
[BlackElo "2772"]

1.e4 e5 2.Nf3 Nc6 3.Bb5 a6 4.Ba4 Nf6 5.d3 Bc5 6.c3 O-O 7.O-O d6 8.Bg5 Ba7
9.Bxc6 bxc6 10.Re1 h6 11.Be3 Bxe3 12.Rxe3 Ng4 13.Re1 f5 14.Nbd2 Nf6 15.d4 fxe4
16.Nxe4 Nxe4 17.Rxe4 Bf5 18.Re3 e4 19.Nd2 d5 20.f3 exf3 21.Nxf3 Qd6 22.Qe2 a5
23.Rf1 c5 24.dxc5 Qxc5 25.Nd4 Be4 26.Rxf8+ Qxf8 27.Qf2 Qc5 28.Rg3 Qd6 29.Nf5 Bxf5
30.Qxf5 Rf8 31.Qd3 Qb6+ 32.Qd4 Qxd4+ 33.cxd4 Rb8 34.b3 Rb4 35.Rd3 a4 36.Kf2 axb3
37.axb3 Kf7 38.Rc3 c6 39.Rxc6 Rxb3 40.Rd6 Rb2+  1/2-1/2

[Event "21st TCh-RUS 2014"]
[Site "Loo RUS"]
[Date "2014.04.13"]
[Round "7.4"]
[White "Kamsky,G"]
[Black "Jakovenko,D"]
[Result "0-1"]
[WhiteElo "2714"]
[BlackElo "2726"]

1.e4 e5 2.Nf3 Nc6 3.Bc4 Bc5 4.c3 Nf6 5.d3 d6 6.O-O a6 7.Bb3 Ba7 8.Re1 O-O
9.h3 h6 10.Nbd2 Re8 11.Nf1 Be6 12.Ng3 Bxb3 13.Qxb3 Rb8 14.a4 d5 15.Qc2 a5
16.Bd2 Qd7 17.b4 axb4 18.cxb4 Nd4 19.Nxd4 Bxd4 20.Rab1 Rbd8 21.Re2 c6 22.Kh2 Rc8
23.Nf5 Ba7 24.Rb3 d4 25.a5 b5 26.Re1 Qe6 27.Qd1 Kh7 28.Rb2 Ng8 29.f4 Bb8
30.Qf3 Qf6 31.Rf1 c5 32.bxc5 Rxc5 33.fxe5 Bxe5+ 34.Kg1 Rec8 35.Qg4 Rc2 36.Rfb1 g6
37.Ng3 h5 38.Nxh5 gxh5 39.Qxh5+ Nh6 40.Rf1 Qg6 41.Qxg6+ Kxg6 42.Rfb1 f6 43.Kf1 Nf7
44.Ke1 Rxb2 45.Rxb2 Nd6 46.Kd1 Kf7 47.Rc2 Rg8 48.g4 Ke6 49.Bb4 Kd7 50.Rc5 Rh8
51.g5 Rxh3 52.gxf6 Ke6 53.Kc2 Bxf6 54.a6 Rh8 55.Rd5 Be5 56.Bxd6 Bxd6 57.Rxb5 Rc8+
58.Kb2 Bc5 59.Kb3 Kd6 60.Rb7 Rc6 61.Rh7 Rb6+ 62.Kc2 Rb8 63.Rh6+ Kc7 64.Rg6 Ba7
65.Rh6 Rb5 66.Rg6 Rb4 67.e5 Rb8 68.e6 Bc5 69.Rh6 Kd6 70.Rg6 Re8 71.e7+ Kc7
72.Kb3 Rxe7 73.Kc4 Ba7 74.Rh6 Rd7 75.Rh1 Rd6 76.Ra1 Rc6+ 77.Kd5 Rc5+ 78.Ke4 Kd6
79.Rh1 Re5+ 80.Kf4 Re7 81.Rb1 Kc6 82.Kf5 Bb6 83.Ra1 Kb5 84.Ra2 Ra7 85.Ke5 Rxa6
86.Rb2+ Kc6  0-1